| 000 | 00587nam a2200217 a 4500 | ||
|---|---|---|---|
| 999 |
_c4752 _d4752 |
||
| 001 | 4752 | ||
| 003 | BD-JhCC | ||
| 005 | 20171203101526.0 | ||
| 008 | 171203s1969 en |||| || | 001 0 eng d | ||
| 035 | _a(BD-JhCC)4752 | ||
| 040 |
_aBD-JhCC _dBD-JhCC |
||
| 041 | _aeng | ||
| 082 |
_a320.96 _bGUT 1969 |
||
| 100 | _aGutterridge, William | ||
| 245 |
_aThe Military in African Politics / _cWilliam Gutterridge, |
||
| 260 |
_aLondon : _bMethuen & CO Ltd, _c1969. |
||
| 300 |
_a166 p. : _c18 cm. |
||
| 650 | _aAfrica Armed Forces, Political Activity | ||
| 942 |
_2ddc _cBK |
||